000 004900000a22001570004500
090 _aAR
_b00246
245 1 0 _aKurze mitteilungen: das alter bei der geschletsreife der dosenschildkröte Terrapene c. carolina
650 1 4 _aHerpetofauna
_94239
650 1 4 _aTortugas
_992709
650 1 4 _aReproducción animal
_987770
653 _gTerrapene
_eTerrapene c. carolina
041 0 _aAlemán
100 1 _aMertens, Robert
_993053
942 _cARTICULO
773 1 _tSalamandra
_388
_h1
_q34-35
_d1973
_g9
999 _c9346
_d9346